Представление документа в формате RUSMARC

ПолеНазваниеЗначение
  Тип записи i
  Библиографический уровень m
001 Контрольный номер RU/SLIB/B/226420296
005 Дата корректировки 20201206204457.7
010 Индекс ISBN __
d Цена 290-00; 190-57
101 Язык документа 1_
a Язык текста rus
c Язык оригинала fre
200 Заглавие и сведения об ответственности 1_
a Заглавие Тристан и Изольда
e Сведения, относящиеся к заглавию [аудиокнига : роман]
f Первые сведения об ответственности Жозеф Бедье ; [читает: Степан Старчиков ; пер. с фр. А. Веселовского ; дизайн Троицкий О. ; режиссер звукового оформления Прохоренко М. ; звукорежиссер Пашутин В. ; композитор Воронков А. ; музыка, сведение Студия Саунд-Сервис]
b Общее обозначение материала Звукозапись
210 Выходные данные __
a Место издания М.
c Издательство Элитайл
d Дата издания 2006
215 Физическое описание __
a Объем 1 электрон. опт. диск (Audio CD) (5 ч. 36 мин.)
300 Общие примечания __
a Общие примечания MP3 ; AudioCD ; 192 кБит/сек ; 44.1 кГц
323 Примечание о главных создателях, исполнителях, участниках __
a Примечание о главных создателях, исполнителях, участниках Старчиков, С. (читает)
330 Аннотация __
a Аннотация Чтобы привести невесту своему королю, молодой рыцарь Тристан отправляется в чужую страну. Он очарован своей будущей королевой, а она им, но оба должны принести чувства в жертву долгу. Однако на обратном пути они случайно выпивают любовный напиток, и отныне ни Тристан, ни Изольда не властны над собой.
333 Примечание о целевом назначении __
a Примечание о целевом назначении 16+. Для детей старше 16 лет
606 Тематические рубрики __
a Основная рубрика Художественная литература
z Хронологическая подрубрика 19 в.
y Географическая подрубрика Франция
606 Тематические рубрики __
a Основная рубрика Литература Европы (произведения)
610 Ключевые слова __
a Ключевые слова французская литература; романы; Тристан; Изольда; тема любви; тема долга; любовные романы; тема рыцарства; средневековые романы; литературные герои; литературные персонажи; рыцарская литература; рыцарские романы
686 Индексы других классификаций __
a Классификационный индекс 84(4Фра)-4я04; ст84(4Фра)-4я04
700 Автор _1
a Фамилия Бедье
b Имя Ж.
g Полное личное имя Жозеф
4 Код отношения 070
702 Вторичная интеллектуальная ответственность _1
a Фамилия Веселовский
b Имя А.
4 Код отношения Переводчик
4 Код отношения 730
702 Вторичная интеллектуальная ответственность _1
a Фамилия Троицкий
b Имя О.
4 Код отношения Дизайн
4 Код отношения 570
702 Вторичная интеллектуальная ответственность _1
a Фамилия Прохоренко
b Имя М.
4 Код отношения Режиссер звукового оформления
4 Код отношения 570
702 Вторичная интеллектуальная ответственность _1
a Фамилия Пашутин
b Имя В.
4 Код отношения Звукорежиссер
4 Код отношения 570
702 Вторичная интеллектуальная ответственность _1
a Фамилия Воронков
b Имя А.
4 Код отношения Композитор
4 Код отношения 230
801 Источник записи _0
a Страна RU
b Организация Муниципальное бюджетное учреждение культуры "Централизованная библиотечная система" г. Сургут (Центральная городская библиотека им. А. С. Пушкина)
g Правила каталогизации КиК/Поспелова
801 Источник записи _1
a Страна RU
b Организация Муниципальное бюджетное учреждение культуры "Централизованная библиотечная система" г. Сургут (Центральная городская библиотека им. А. С. Пушкина)
g Правила каталогизации КиК/Поспелова
852 Данные о местонахождении __
j Шифр хранения 84(4Фра)-4я04
c Каталожный индекс 84(4Фра)-4я04
i Авторский знак Б 38
901 Тип документа __
t Тип документа 0
903 Характеристики (МАРС) __
a Дата передачи 20090202; 20070309
969 Тип издания __
a Тип издания аудиокнига
990 Данные о заказе (DOS) __
j Количество экземпляров (DOS) 1; 3
h N записи в КСУ для Б/У (DOS) 200902; 200703